Performance Appraisals and Phrases For Dummies (Record no. 40831)
[ view plain ]
| 000 -LEADER | |
|---|---|
| fixed length control field | 00317nam a2200133Ia 4500 |
| 008 - FIXED-LENGTH DATA ELEMENTS--GENERAL INFORMATION | |
| fixed length control field | 240703s9999 xx 000 0 und d |
| 041 ## - LANGUAGE CODE | |
| Language code of text/sound track or separate title | eng |
| 100 ## - MAIN ENTRY--PERSONAL NAME | |
| Personal name | Lloyd |
| 245 ## - TITLE STATEMENT | |
| Title | Performance Appraisals and Phrases For Dummies |
| 260 ## - PUBLICATION, DISTRIBUTION, ETC. | |
| Name of publisher, distributor, etc. | Wiley |
| 365 ## - TRADE PRICE | |
| Currency code | RS. |
| Price amount | 199.00 |
| 906 ## - LOCAL DATA ELEMENT F, LDF (RLIN) | |
| b | 35 |
| Withdrawn status | Lost status | Damaged status | Not for loan | Home library | Current library | Shelving location | Date acquired | Source of acquisition | Cost, normal purchase price | Total Checkouts | Barcode | Date last seen | Date last checked out | Copy number | Cost, replacement price | Price effective from | Koha item type |
|---|---|---|---|---|---|---|---|---|---|---|---|---|---|---|---|---|---|
| IMTN | IMTN | Rack 26-A | 07/03/2024 | Mr. Dalvir Sir | 199.00 | 2 | 33240 | 07/15/2025 | 07/04/2025 | 1 | 129.35 | 07/03/2024 | Books |